000 02038nam1a2200349 i 4500
001 RU\NLR\bibl\1671837
005 20260407233845.0
010 _a978-5-7681-0557-0
_9120
035 _a(NLR Aleph) 001663091
090 _a994063
_c994063
100 _a20100906d2010 u y0rusy50 ca
101 0 _arus
_aeng
102 _aRU
105 _a||||z |||||
200 1 _aУправляемые вибрационные технологии и машины
_eсборник научных статей по материалам IX научно-технической конференции "Вибрация - 2010. Управляемые вибрационные технологии и машины"
_eв 2 ч.
_fотв. ред.: д.т.н., проф. С.Ф. Яцун
210 _aКурск
_cКурский государственный технический университет
_d2010
215 _d29
300 _aВ надзаг.: Федер. агентство по образованию, Гос. образоват. учреждение высш. проф. образования "Кур. гос. техн. ун-т", Рос. фонд фундам. исслед.
300 _aЧасть текста на англ. яз.
320 _aБиблиогр. в конце ст.
463 0 _10011660427
463 0 _10011660429
606 1 _aВибрационные машины
_jСъезды, совещания и т.п.
_91243724
_3RU\NLR\auth\66191076
606 1 _aВибрация
_jСъезды, совещания и т.п.
_91240510
_3RU\NLR\auth\66189312
686 _aЖ605.3я431(2)
702 1 _aЯцун
_bС. Ф.
_4340
711 1 2 _a"Вибрация-2010. Управляемые вибрационные технологии и машины", международная научно-техническая конференция
_d9
_eКурск
_9816520
_3RU\NLR\AUTH\8810160367
801 0 _aRU
_bNLR
_c20100906
_gRCR
801 1 _aRU
_bNLR
_c20100906
852 _aNLR
_j2010-8/2302
942 _cBOOK